Представление документа в формате RUSMARC

ПолеНазваниеЗначение
  Тип записи a
  Библиографический уровень c
001 Контрольный номер RU/SLIB/B/208766649
005 Дата корректировки 20230202143856.3
010 Индекс ISBN __
d Цена 19000-00
101 Язык документа 0_
a Язык текста rus
200 Заглавие и сведения об ответственности 1_
a Заглавие Есенин: Жизнь. Личность. Творчество
e Сведения, относящиеся к заглавию сб. лит.-художеств. секции центр. дома работников просвещения
f Первые сведения об ответственности под ред. Е. Ф. Никитиной
b Общее обозначение материала Текст
210 Выходные данные __
a Место издания М.
c Издательство Работник Просвещения
d Дата издания 1926
215 Физическое описание __
a Объем 155 с., 1 л. портр.
e Сопроводительные материалы 2 папки "Есениана"
300 Общие примечания __
a Общие примечания Ред. кн.
a Общие примечания На обл. загл.: Сборник о Есенине. Роман без вранья / Мариенгоф.
300 Общие примечания __
a Общие примечания Есениана
327 Примечание о содержании __
a Примечание о содержании Роман без вранья / А. Мариенгоф
600 Персоналии __
a Персоналии (Фамилия) Есенин, С. А.
606 Тематические рубрики __
a Основная рубрика Литературоведение
y Географическая подрубрика Россия
606 Тематические рубрики __
a Основная рубрика Русская литература XX в.
606 Тематические рубрики __
a Основная рубрика Художественная литература
606 Тематические рубрики __
a Основная рубрика Русская литература XX в. (произведения)
610 Ключевые слова __
a Ключевые слова поэты; персоналии; биографии
686 Индексы других классификаций __
a Классификационный индекс 83.3(2Рос=Рус)6-8
686 Индексы других классификаций __
a Классификационный индекс 84(2Рос=Рус)6-4
701 Альтернативная интеллектуальная ответственность _1
a Фамилия Никитина
b Имя Е. Ф.
4 Код отношения 340
801 Источник записи _0
a Страна RU
b Организация Муниципальное бюджетное учреждение культуры "Централизованная библиотечная система" г. Сургут (Центральная городская библиотека им. А. С. Пушкина)
g Правила каталогизации КиК/Котельникова
801 Источник записи _1
a Страна RU
b Организация Муниципальное бюджетное учреждение культуры "Централизованная библиотечная система" г. Сургут (Центральная городская библиотека им. А. С. Пушкина)
g Правила каталогизации КиК/Котельникова
852 Данные о местонахождении __
j Шифр хранения 83.3(2Рос=Рус)6-8
c Каталожный индекс 83.3(2Рос=Рус)6-8 ; 84(2Рос=Рус)6-4
i Авторский знак Е 82
p Инвентарный номер 04061099
900 Макрообъекты __
a Макрообъекты Сборник о Есенине. Экслибрис Н. А. Орлова. 1926, инв. 04061099
900 Макрообъекты __
a Макрообъекты Есенин. Жизнь, личность, творчество. 1926, инв. 04061099
900 Макрообъекты __
a Макрообъекты Есенин. Жизнь. Личность. творчество.Роман без вранья. Сборник о С. Есенине.1926, инв. 04061099
901 Тип документа __
t Тип документа x
903 Характеристики (МАРС) __
a Дата передачи 20040618
969 Тип издания __
a Тип издания сборник
990 Данные о заказе (DOS) __
j Количество экземпляров (DOS) 1
t N записи в КСУ для И/У (DOS) 200406